<?xml version="1.0" encoding="UTF-8"?><?xml-stylesheet type="text/xsl" href="static/style.xsl"?><OAI-PMH xmlns="http://www.openarchives.org/OAI/2.0/" xmlns:xsi="http://www.w3.org/2001/XMLSchema-instance" xsi:schemaLocation="http://www.openarchives.org/OAI/2.0/ http://www.openarchives.org/OAI/2.0/OAI-PMH.xsd"><responseDate>2026-04-17T07:40:45Z</responseDate><request verb="GetRecord" identifier="oai:www.recercat.cat:2445/131686" metadataPrefix="marc">https://recercat.cat/oai/request</request><GetRecord><record><header><identifier>oai:recercat.cat:2445/131686</identifier><datestamp>2025-11-21T05:49:57Z</datestamp><setSpec>com_2072_1057</setSpec><setSpec>col_2072_478823</setSpec><setSpec>col_2072_478904</setSpec><setSpec>col_2072_478917</setSpec></header><metadata><record xmlns="http://www.loc.gov/MARC21/slim" xmlns:dcterms="http://purl.org/dc/terms/" xmlns:xsi="http://www.w3.org/2001/XMLSchema-instance" xmlns:doc="http://www.lyncode.com/xoai" xsi:schemaLocation="http://www.loc.gov/MARC21/slim http://www.loc.gov/standards/marcxml/schema/MARC21slim.xsd">
   <leader>00925njm 22002777a 4500</leader>
   <datafield ind2=" " ind1=" " tag="042">
      <subfield code="a">dc</subfield>
   </datafield>
   <datafield ind2=" " ind1=" " tag="720">
      <subfield code="a">Perico, E. L. D.</subfield>
      <subfield code="e">author</subfield>
   </datafield>
   <datafield ind2=" " ind1=" " tag="720">
      <subfield code="a">Lima, J. A. S.</subfield>
      <subfield code="e">author</subfield>
   </datafield>
   <datafield ind2=" " ind1=" " tag="720">
      <subfield code="a">Basilakos, Spyros</subfield>
      <subfield code="e">author</subfield>
   </datafield>
   <datafield ind2=" " ind1=" " tag="720">
      <subfield code="a">Solà Peracaula, Joan</subfield>
      <subfield code="e">author</subfield>
   </datafield>
   <datafield ind2=" " ind1=" " tag="260">
      <subfield code="c">2019-04-05T14:11:44Z</subfield>
   </datafield>
   <datafield ind2=" " ind1=" " tag="260">
      <subfield code="c">2019-04-05T14:11:44Z</subfield>
   </datafield>
   <datafield ind2=" " ind1=" " tag="260">
      <subfield code="c">2013-09-26</subfield>
   </datafield>
   <datafield ind2=" " ind1=" " tag="260">
      <subfield code="c">2019-04-05T14:11:44Z</subfield>
   </datafield>
   <datafield ind2=" " ind1=" " tag="520">
      <subfield code="a">In the present mainstream cosmology, matter and space-time emerged from a singularity and evolved through four distinct periods: early inflation, radiation, dark matter, and late-time inflation (driven by dark energy). During the radiation and dark matter dominated stages, the universe is decelerating while the early and late-time inflations are accelerating stages. A possible connection between the accelerating periods remains unknown, and, even more intriguing, the best dark energy candidate powering the present accelerating stage ( Λ -vacuum) is plagued with the cosmological constant and coincidence puzzles. Here we propose an alternative solution for such problems based on a large class of time-dependent vacuum energy density models in the form of power series of the Hubble rate, Λ = Λ ( H ) . The proposed class of Λ ( H ) -decaying vacuum model provides: (i) a new mechanism for inflation (different from the usual inflaton models), (ii) a natural mechanism for a graceful exit, which is universal for the whole class of models; (iii) the currently accelerated expansion of the universe, (iv) a mild dynamical dark energy at present; and (v) a final de Sitter stage. Remarkably, the late-time cosmic expansion history of our class of models is very close to the concordance Λ CDM model, but above all it furnishes the necessary smooth link between the initial and final de Sitter stages through the radiation- and matter-dominated epochs.</subfield>
   </datafield>
   <datafield tag="653" ind2=" " ind1=" ">
      <subfield code="a">Cosmologia</subfield>
   </datafield>
   <datafield tag="653" ind2=" " ind1=" ">
      <subfield code="a">Espai i temps</subfield>
   </datafield>
   <datafield tag="653" ind2=" " ind1=" ">
      <subfield code="a">Matèria fosca (Astronomia)</subfield>
   </datafield>
   <datafield tag="653" ind2=" " ind1=" ">
      <subfield code="a">Expansió de l'univers</subfield>
   </datafield>
   <datafield tag="653" ind2=" " ind1=" ">
      <subfield code="a">Cosmology</subfield>
   </datafield>
   <datafield tag="653" ind2=" " ind1=" ">
      <subfield code="a">Space and time</subfield>
   </datafield>
   <datafield tag="653" ind2=" " ind1=" ">
      <subfield code="a">Dark matter (Astronomy)</subfield>
   </datafield>
   <datafield tag="653" ind2=" " ind1=" ">
      <subfield code="a">Expanding universe</subfield>
   </datafield>
   <datafield ind2="0" ind1="0" tag="245">
      <subfield code="a">Complete cosmic history with a dynamical Λ = Λ(H) term</subfield>
   </datafield>
</record></metadata></record></GetRecord></OAI-PMH>